000 00379nam a2200157Ia 4500
003 OSt
008 191201s2009 xx 000 0 und d
082 _a658.312
_bTHE
100 _aTHACKER, James W
245 0 _aEffective Training Systems, Strategies, and Practices
250 _aIMP
260 _aNew Delhi
_bPearson
_c2009
300 _a486
650 _aMBA
942 _2ddc
_cBK
999 _c4163
_d4163